000 00546nam a2200217Ia 4500
003 OSt
005 20220928135650.0
006 a|||||r|||| 00| 0
007 ta
008 220927b |||||||| |||| 00| 0 eng d
024 _a4455
037 _cTextual
040 _aSDCL
_cSDCL
_beng
041 _2eng
_aeng
082 _aO-,1N7x, L6
100 _aBold Alan Ed.
_9492546
245 0 _aCambridge book of English verse 1939-1975
260 _c1976
942 _hO-,1N7x, L6
_cTEXL
_2CC
999 _c808152
_d808152